| 000 | 00372nam a2200133Ia 4500 | ||
|---|---|---|---|
| 008 | 220217s9999||||xx |||||||||||||| ||und|| | ||
| 020 | _a0-07-462244-7 | ||
| 082 | _a621.382 MIL | ||
| 100 | _aMillman, Jocob Tuab, Herbert | ||
| 245 | 0 | _aPulse, digital, and switching waveforms | |
| 260 |
_aTata mcgraw hill _bNew Delhi _c1991 |
||
| 300 | _b240 | ||
| 650 | _aCIRCUITRY | ||
| 999 |
_c165440 _d165440 |
||